00539 2200217 4500001002100000005001500021035002000036008004100056040001700097082001600114084001600130245001500146260002700161300002400188850001200212500002900224090001800253041000800271650002400279990001800303INLIS00000000084349620181227090223 a0010-1218000543181227 0  aYOPDYOGbind04223a899.222 a899.222 JAJ0 aJa'ja'itel2 a[S.l] :b[S.n],c[S.a] a37 halaman ;c18 cm aYOPDYOG aTeks dalam bahasa Madura aL 899.222 JAJ0 amad 4aKesusastraan Madura a61406-PD/A.18